Código electoral : comentarios, jurisprudencia, acuerdos de la Junta Electoral Central y concordancias / María Gómez Gutiérrez comentarios, jurisprudencia, acuerdos de la Junta Electoral Central y concordancias / María Gómez Gutiérrez
ISBN:
84-7879-074-8
Descripción Física:
1280 p. ; 20 cm
Otros Autores:
Gómez Gutiérrez, María
MARC
| LEADER | 00000nam a2200000Ia 4500 | ||
|---|---|---|---|
| 001 | 18742 | ||
| 008 | 160829s1992 xx 000 0 cat d | ||
| 020 | |a 84-7879-074-8 | ||
| 080 | |a D-3-149 | ||
| 100 | |a Espanya. Lleis, etc. |9 23269 | ||
| 245 | |a Código electoral : |b comentarios, jurisprudencia, acuerdos de la Junta Electoral Central y concordancias / María Gómez Gutiérrez | ||
| 260 | |a Madrid : |b Colex, |c 1992 | ||
| 300 | |a 1280 p. ; |c 20 cm | ||
| 650 | |a Dret electoral |x Legislació |x Espanya |x 1991 |9 43747 | ||
| 650 | |a Eleccions |x Espanya |x 1991 |9 43748 | ||
| 700 | |a Gómez Gutiérrez, María |9 43749 | ||
| 901 | |a Arxiu | ||
| 942 | |n 1 | ||
| 952 | |0 1 |1 0 |2 udc |4 0 |5 2 |6 D3149 |7 1 |9 51607 |a Arxiu |b Arxiu |d 2016-12-01 |l 0 |o D-3-149 |p 18742 |r 2016-12-01 00:00:00 |w 2016-12-01 |y ARXIU | ||
| 999 | |c 55452 |d 55452 | ||